Проблемы теории формирования геоизображений; Наукоемкие технологии; № 1

Bibliografiske detaljer
Parent link:Наукоемкие технологии: научно-технический журнал.— , 2001-
№ 1.— 2003.— С. 79-87
Hovedforfatter: Берлянт А. М.
Sprog:russisk
Udgivet: 2003
Serier:География
Fag:
Format: MixedMaterials Book Chapter
KOHA link:https://koha.lib.tpu.ru/cgi-bin/koha/opac-detail.pl?biblionumber=384500

MARC

LEADER 00000naa2a2200000 4500
001 384500
005 20231101063244.0
035 |a (RuTPU)RU\TPU\prd\11187 
090 |a 384500 
100 |a 20030303a2003 k y0rusy50 ca 
101 0 |a rus 
102 |a RU 
200 1 |a Проблемы теории формирования геоизображений  |f А. М. Берлянт 
225 1 |a География 
320 |a Библиогр.: 6 назв. 
461 1 |0 (RuTPU)RU\TPU\prd\1139  |t Наукоемкие технологии  |o  научно-технический журнал  |d 2001- 
463 1 |0 (RuTPU)RU\TPU\prd\10972  |t № 1  |v С. 79-87  |d 2003 
610 1 |a геоизображения 
610 1 |a формирование 
610 1 |a обзор 
610 1 |a классификация методов 
610 1 |a карты 
610 1 |a геоиконика 
610 1 |a геоинформационные технологии 
610 1 |a картография 
610 1 |a дистанционное зондирование 
610 1 |a геосемиотика 
675 |a 528.9  |v 3 
700 1 |a Берлянт  |b А. М. 
801 1 |a RU  |b 63413507  |c 20030303  |g PSBO 
942 |c BK